Los Parques Nacionales /
Guardado en:
| Autor Corporativo: | |
|---|---|
| Formato: | |
| Series: | Rutas argentinas
|
| Materias: | |
| Etiquetas: |
Agregar Etiqueta
Sin Etiquetas, Sea el primero en etiquetar este registro!
|
| LEADER | 01020ngm a22002895g 4500 | ||
|---|---|---|---|
| 001 | CEM.cems022653 | ||
| 008 | 130507b2003##################0###0#####d | ||
| 005 | 20241113144553.0 | ||
| 245 | 1 | 0 | |a Los Parques Nacionales / |c Canal 7 (Bs.As.). |
| 300 | |a 54'. | ||
| 490 | 0 | |a Rutas argentinas | |
| 500 | |a En soporte VHS, consultar en ventanilla. | ||
| 505 | 0 | |a Recorrido por los Parques Nacionales. Parque Nacional Los Glaciares. Glaciar Perito Moreno. El Chaltén. El Delta del Paraná. El Valle de la Luna. | |
| 538 | |a Soporte: VHS - Norma: Pal N - Color: Si - Grabación DRD 2003 - Hitachi=3935 | ||
| 110 | 2 | |a Canal 7 (Bs.As.) | |
| 082 | 9 | 1 | |/ TUR-4 |
| 653 | |a TURISMO | ||
| 653 | |a ARGENTINA-GEOGRAFIA | ||
| 653 | |a PARQUES NACIONALES | ||
| 653 | |a GLACIARES | ||
| 653 | |a PERITO MORENO | ||
| 653 | |a CHALTEN, EL | ||
| 653 | |a DELTA DEL PARANA | ||
| 653 | |a VALLE DE LA LUNA | ||
| 653 | |a NIVEL PRIMARIO | ||
| 653 | |a NIVEL SECUNDARIO | ||
| 859 | |a CEMS |b BIB. CEMS - Depto. Recursos Didacticos |h 918 |i TUR-4 |k DRD |p 1296.12 |t Ej.1 | ||
